Futebol: por uma história política da paixão nacional /
Gorde:
| Egile nagusia: | |
|---|---|
| Formatua: | Texto |
| Etiketak: |
Etiketa erantsi
Etiketarik gabe, Izan zaitez lehena erregistro honi etiketa jartzen!
|
MARC
| LEADER | 00000 a a2200000 04500 | ||
|---|---|---|---|
| 001 | 47669 | ||
| 003 | |||
| 040 | |||
| 100 | |a Ribeiro, Luiz Carlos | ||
| 245 | |a Futebol: |b por uma história política da paixão nacional / |c Luiz Carlos Ribeiro | ||
| 773 | |g volumen29, número57, (2012), páginas 15-43 | ||
| 999 | |c 31135 |d 31135 | ||
